00000000nam##2200000za#4500
0019.691602
003CaOODSP
00520210624232835
007cr |||||||||||
008150407|2008||||xxc|||||o    f|0| 0 eng|d
020 |a978-1-100-11237-4
040 |aCaOODSP|beng
043 |an-cn---
0861 |aX9-29/2008E-PDF
1101 |aCanada. |bParliament. |bHouse of Commons.
24510|aStrategic outlook for the 40th Parliament |h[electronic resource]
260 |aOttawa - Ontario : |bHouse of Commons |c[2008].
300 |a11p.
500 |aIncorrect catalogue number (X9-27/2009) and ISBN (978-0-662-06699-6) copied in this PDF edition.
590 |a12-35-Supp|b2012-08-09
69007|aHouse of Commons|2gcpds
69007|aManagement|2gcpds
77508|tAperçu stratégique pour la 40e législature |w(CaOODSP)9.635928
85640|ahttp://publications.gc.ca|qPDF|s1951 KB|uhttps://publications.gc.ca/collections/collection_2012/parl/X9-29-2008-eng.pdf